000 00406nam a2200169Ia 4500
005 20250423095204.0
008 250422s9999 xx 000 0 und d
020 _a9780940450158
050 _aPS 1605 .E44/
100 _aEmerson, Ralph Waldo
245 0 _aEmerson: essays and lectures
260 _aNew York
260 _bThe Library of America
260 _c1983
300 _a1150 p
942 _cBK
999 _c29518
_d29518